O supremo e o processo eleitoral

Bibliographic Details
Format: eBook
Language:Portuguese
Published: Rio de Janeiro: FGV - Direito Rio, 2019
Subjects:
Online Access:Acceso restringido

MARC

LEADER 00000nam a22000007a 4500
005 2019090301241.0
007 cr|||| ||||
008 190903s2019 br |||||s|||| 00||0 por d
020 |a 978-85-9530-245-7 
035 |a 24774 
040 |a vLex 
090 |c 9364  |d 9364 
245 0 1 |a O supremo e o processo eleitoral  |h [Recurso electrn̤ico] / 
256 |a Servicio en ln̕ea 
260 |a Rio de Janeiro:  |b FGV - Direito Rio,  |c 2019 
300 |a 1 recurso electrn̤ico 
506 1 |a Disponible solo en los productos indicados  |d vLex Global  |d vLex Global (Academic Edition, excluding Law Schools)  |d vLex Global (U.S. Academic Edition, Law Schools)  |d vLex Global (U.S. Academic Edition, excluding Law Schools)  |d vLex Global (Academic Edition, Law Schools) 
650 |a Derecho Constitucional  |z Brasil 
650 |a Derecho Procesal  |z Brasil 
740 0 |a vLex Libros (Servicio en ln̕ea) 
856 4 0 |u http://vlex.com/source/supremo-processo-eleitoral-24774  |z Acceso restringido 
942 |c BOOK 
999 0 |a Constitutional Law 
999 0 |a Procedural Law